000 00329nam a2200133Ia 4500
005 20251222142009.0
008 251222s9999||||xx |||||||||||||| ||spa||
020 _a88-526-0037-X
082 _a370.112/C79
100 _aCordes, Paul Josef
245 0 _aEducare alla libertá per fare pace
264 _bTempi Duri
942 _cLIB
999 _c10259
_d10259